[Event "Budapest Art Pub op 9th"]
[Site "Budapest"]
[Date "2015.11.21"]
[Round "2"]
[White "Szendeff, Miklos"]
[Black "Kovacs, Gabor Etele"]
[Result "1/2-1/2"]
[WhiteElo "1835"]
[BlackElo "1954"]
[PlyCount "111"]
[EventDate "2015.11.20"]
[EventType "swiss"]
[EventRounds "6"]
[EventCountry "HUN"]
[SourceTitle "CBM 169 Extra"]
[Source "ChessBase"]
[SourceDate "2015.12.18"]
[SourceVersion "1"]
[SourceVersionDate "2015.12.18"]
[SourceQuality "1"]

1. e4 e6 2. Qe2 e5 3. Nf3 Nc6 4. c3 d6 5. d4 Bg4 6. d5 Nce7 7. Qb5+ c6 8. Qxb7 Rb8 9. Qxa7 cxd5 10. exd5 Nxd5 11. Bc4 Ngf6 12. Na3 Be7 13. Qa4+ Bd7 14. Qd1 Bc6 15. 0-0 0-0 16. Ng5 h6 17. Ne4 Nb6 18. Nxf6+ Bxf6 19. Bb3 d5 20. Nc2 Re8 21. Ne3 d4 22. Ng4 dxc3 23. Qxd8 Bxd8 24. bxc3 h5 25. Ne3 Bf6 26. Ba3 e4 27. Bb4 Bb5 28. Rfe1 Rbc8 29. a4 Ba6 30. a5 Nc4 31. Nd5 Bg5 32. Bxc4 Rxc4 33. f4 Bd8 34. Rad1 Bb7 35. Ne3 Rc8 36. Nf5 Ra8 37. Nd6 Re7 38. Nxb7 Rxb7 39. Rxe4 Bxa5 40. Bxa5 Rxa5 41. Kf2 g6 42. Rd2 Rc7 43. c4 Ra4 44. Rc2 Kg7 45. Ke3 Ra1 46. h3 Re1+ 47. Kf3 Rf1+ 48. Ke2 Ra1 49. c5 Rc6 50. Kd3 Ra8 51. Kc4 Rxc5+ 52. Kxc5 Rc8+ 53. Kd4 Rxc2 54. g4 hxg4 55. hxg4 Rg2 56. g5 1/2-1/2

[Event "Budapest Art Pub op 9th"]
[Site "Budapest"]
[Date "2015.11.20"]
[Round "1"]
[White "Kovacs, Gabor Etele"]
[Black "Virag, Balint"]
[Result "1/2-1/2"]
[WhiteElo "1954"]
[BlackElo "1568"]
[PlyCount "49"]
[EventDate "2015.11.20"]
[EventType "swiss"]
[EventRounds "6"]
[EventCountry "HUN"]
[SourceTitle "CBM 169 Extra"]
[Source "ChessBase"]
[SourceDate "2015.12.18"]
[SourceVersion "1"]
[SourceVersionDate "2015.12.18"]
[SourceQuality "1"]

1. e4 e6 2. d4 d5 3. Nd2 Nf6 4. e5 Nfd7 5. c3 c5 6. Bd3 Nc6 7. Ne2 Be7 8. Nf3 0-0 9. 0-0 f6 10. Nf4 Nb6 11. exf6 Rxf6 12. dxc5 Bxc5 13. Nh5 Rf8 14. Ng5 h6 15. Nh7 Rf7 16. Bxh6 gxh6 17. Qg4+ Kh8 18. Qg6 Qg8 19. Qxh6 Rxh7 20. Qf6+ Rg7 21. Qh6+ Rh7 22. Qf6+ Rg7 23. Qh6+ Rh7 24. Qf6+ Rg7 25. Qh6+ 1/2-1/2